| 000 | 00495cam a22002054a 4500 | ||
|---|---|---|---|
| 005 | 20250605164250.0 | ||
| 008 | 250528s ||||||||||||||||||||||||d | ||
| 035 | _a21697 | ||
| 020 | _a9789603611653 | ||
| 040 |
_aGR-AtMCL _bgre _dGR-AtMCL _eAACR2 |
||
| 245 | 1 | _aGRAMMARWAY 3 GREEK EDITION | |
| 250 | _a1 | ||
| 260 |
_bExpress Publishing, _c1999 |
||
| 300 | _a216 | ||
| 700 | 1 |
_aDooley Jenny _97639 |
|
| 700 | 1 |
_aEvans Virginia _93804 |
|
| 942 | _cBK | ||
| 999 |
_c6757 _d6757 |
||